| 000 | 00432nam a2200169Ia 4500 | ||
|---|---|---|---|
| 003 | GCL | ||
| 008 | 140319s9999 xx 000 0 eng d | ||
| 040 |
_aGCL / _cGCL |
||
| 082 | 0 | 4 |
_a658.3 _bK O |
| 100 | 1 | _aKINICKI, ANGELO | |
| 245 | 1 | 0 |
_aORGANIZATIONAL BEHAVIOR / _cKINICKI, ANGELO |
| 700 | 1 | _aKREITNER, ROBERT | |
| 260 |
_a[S.N] : _bIRWIN ، _c1995 |
||
| 300 | _a601 P | ||
| 650 | 0 | 4 | _aORGANIZATIONAL BEHAVIOR |
| 942 |
_2ddc _cBK |
||
| 999 |
_c12537 _d12537 |
||